000 00471nam a2200181Ia 4500
005 20241218061304.0
008 240331s9999 xx 000 0 und d
020 _a0942299825
082 _bGIL
_22254
_a305
245 0 _aThird Sex Third Gender :
_bBeyond Sexual Dimorphism in Culture and History
260 _aNew York
_bZone Books
_c1993
300 _a614 p.,
650 _aGender
650 _aSex
650 _aHistory
700 _aHerdt, Gilbert
_eedt
942 _cL
999 _c1506
_d1506